000 00582nam a22001697a 4500
005 20240405112320.0
008 240405b |||||||| |||| 00| 0 eng d
082 _a297.124
_bKHU-S
100 _aKhursheed Hassan Qasmi.
245 _aSunan Abu Dawood Sharif :
_burdu translation /
_cKhursheed Hassan Qasmi.
260 _aPakistan :
_bMaqtaba-tul- Aloom ;
300 _av-1 (732 p.), v-2 (660 p.), v-3 (688 p.) :
_c24.5 cm .
500 _a1- Set of 3 volumes. 2-v-1 (732 p.), v-2 (660 p.), v-3 (688 p.)
650 _aLiterature / Islamic
650 _aKitab e Sharah
999 _c35534
_d35534